000
00335nam a2200133Ia 4500
008
220204s9999 xx 000 0 und d
082
_a
577.115
_b
WIE
245
0
_a
Glycolipids
260
_a
Amsterdam
_b
Elsevier
_c
1985
490
_a
New comprehensive biochemistry; v 10
650
_a
Glycolipids
700
_a
WIEGANDT, H
942
_c
BK
999
_c
39973
_d
39973